Spanish football players 2015-2016 #1 - Statistics

General Stats
  • This quiz has been taken 161 times
    160 since last reset
  • The average score is 14 of 20
Answer Stats
Player % Correct
Andrès Iniesta
93%
Sergio Ramos
91%
David De Gea
90%
Cesc Fabregas
86%
Iker Casillas
85%
Alvaro Morata
76%
Juan Mata
76%
David Silva
75%
Javi Martinez
72%
Thiago Alcantara
72%
Xavi Hernandez
72%
Daniel Carvajal
65%
Juanfran
65%
Raul Albiol
65%
César Azpilicueta
63%
Mikel Arteta
59%
Roberto Soldado
56%
Aritz Aduriz
53%
José Callejon
51%
Jonathan Soriano
30%
No matching quizzes found
Score Distribution
Percent of People with Each Score
Percentile by Number Answered
Your Score History
You have not taken this quiz since the last reset